000 00868aam a2200289 4500
005 20250718154911.0
008 150407b2010 xxu||||| |||| 00| 0 spa d
020 _a9789977952802
041 _aESP
082 _a658.409 M328h
100 _aMargery Bertoglia, Enrique Juan
_9168
245 _aHerramientas de coaching y efectividad personal
260 _aCosta Rica
260 _bUKUK Editores
260 _c2010
300 _a216 páginas
490 _aDirección y Administración de Empresas
650 _aASPECTOS PERSONALES DE LA GERENCIA EJECUTIVO
650 _aNATURALEZA DEL COACHING
650 _aEFECTIVIDAD ORGANIZACIONAL
650 _aCONVERSACIONES ORGANIZACIONALES
650 _aLA INGENIERIA DE LA CONFIANZA
650 _aADMINISTRACIÓN DE PERSONAL
650 _aMODELOS DE COACHING
650 _aHERRAMIENTAS
942 _cBK
_2ddc
999 _c3272
_d3272